00909cam a2200253Ma 4500003000400000005001700004008004100021020001500062020001800077040002200095041001300117082002300130100002900153245012900182260003200311300002900343490003600372501003500408505011500443650001600558650002500574650002600599700003000625OSt20210810152350.0140918s1988 sp fr 001 0 spa d a8475306381 a9788475306384 aCO-BoUCMcCO-JMCR1 aspaheng04a332.4 /bJ645i2231 aJohnson, Harry G.eautor10aInflación y revolución y contrarrevolución Keynesiana y monetarista / cHarry G. Johnson ; traducción de Matilde Mas aBarcelona : bOrbis, c1988 a153 páginas ; c20 cm.0 aBiblioteca de economía ; v17 aCon: notas a pie de página. 0 aInflación y la controversia monetarista. -- Revolución y contrarrevolución en economía política. -- 14aInflación24aTeoría económica24aPolítica monetaria 1 aMas, Matilde, etraductor